000 00847nam a22002777a 4500
001 7036
003 FISKH
005 20250619101948.0
008 250619b cb ||||| |||| 00| 0 eng d
020 _a9780736848848
040 _aFISKH
_beng
_cFISKH
_dFISKH
050 _aQL568.F7 C788
082 _a595.79
100 _aCoughlan, Cheryl
245 _aAnts /
_cby Cheryl Coughlan : Gail Saunders-Smith , Ph.D., Consulting Editor
260 _aMinnesota :
_bPebble Books ,
_c1999.
300 _a24 pages :
_bcolor illustrations ;
_c18 cm .
505 _aE
520 _aSimple text and photographs present the color and body parts of ants.
521 8 _a260
_bLexile
521 8 _aE
_bRaz-Plus
650 _aAnts
_vJuvenile Literature
700 _aDunn, Gary A.
_eConsultant
942 _2ddc
_cBK
_n0
999 _c7036
_d7036